Luis Restrepo (Registro nro. 319802)

Detalles MARC
000 -ENCABEZADO
Número de control [NR] 01037nam a22002537a 4500
005 - FECHA Y HORA DE LA ÚLTIMA TRANSACCIÓN
control field 20211027095955.0
008 - DE LONGITUD FIJA DE DATOS DE ELEMENTOS - INFORMACIÓN GENERAL
Elementos de longitud fija [NR] 210913s2007 ck ao||gr|||| 00| 0 spa d
020 ## - NUMERO INTERNACIONAL NORMALIZADO PARA LIBROS [R]
Número Internacional Normalizado del libro [NR] 9789588306056
040 ## - FUENTE DE CATALOGACION [NR]
Agencia de catalogación original [NR] CO-BoUCM
Idioma de catalogación [NR] spa
Quien Cataloga Deissy Garcia
Quien Clasifica Deissy Garcia
041 0# - CODIGO DE IDIOMA [R]
Código de idioma para texto/pista de sonido o título separado [R] Español
100 ## - ASIENTO PRINCIPAL--NOMBRE PERSONAL [NR]
Nombre personal [NR] Restrepo, Luis
ID Autoridad 106021
245 10 - MENCION DE TITULO [NR]
Título [NR] Luis Restrepo
Parte restante del título [NR] construcciones
Mención de responsabilidad, etc. [NR] textos Miquel Adrá y Alberto Saldarriaga Roa ; fotografías Pablo Rojas ; diseño y edición Benjamín Villegas
260 ## - PUBLICACION, DISTRIBUCION, ETC. (PIE DE IMPRENTA) [R]
Lugar de publicación, distribución, etc. [R] Bogotá
Nombre del editor, distribuidor, etc. [R] Villegas Editores
Fecha de publicación, distribución, etc. [R] 2007
300 ## - DESCRIPCION FISICA [R]
Extensión [R] 189 páginas
Otros detalles físicos [NR] ilustraciones, planos
504 ## - NOTA DE BIBLIOGRAFIA, ETC. [R]
Nota de bibliografía, etc. [NR] Incluye referencias bibliográficas
600 10 - ASIENTO SECUNDARIO DE MATERIA - NOMBRE PERSONAL [R]
Nombre personal [NR] Restrepo Gómez, Luis
Fechas asociadas con el nombre [NR] 1960
Subdivisión de forma [R] Fotografías
Subdivisión general [R] Trabajos arquitectónicos
9 (RLIN) 150197
650 #7 - ASIENTO SECUNDARIO DE MATERIA - TERMINO TEMATICO [R]
Término temático o nombre geográfico como elemento de entrada [NR] Arquitectura colombiana
Subdivisión de forma [R] Fotografías
9 (RLIN) 150198
700 1# - ASIENTO SECUNDARIO - NOMBRE PERSONAL [R]
Nombre personal [NR] Adriá, Miguel
9 (RLIN) 150199
700 1# - ASIENTO SECUNDARIO - NOMBRE PERSONAL [R]
Nombre personal [NR] Saldarriaga Roa, Alberto
9 (RLIN) 83528
700 1# - ASIENTO SECUNDARIO - NOMBRE PERSONAL [R]
Nombre personal [NR] Rojas, Pablo
9 (RLIN) 150200
700 1# - ASIENTO SECUNDARIO - NOMBRE PERSONAL [R]
Nombre personal [NR] Villegas, Benjamín
Término de relación [R] editor
9 (RLIN) 28854
942 ## - ELEMENTOS DE ENTRADA AGREGADOS (KOHA)
Sistema de clasificación DEWEY
Tema principal Arte
Tipo de ítem principal el descrito en 300a Libro
Edición 1
Clasificación 720.986
Parte restante de la signatura top. R436
Título oculto en OPAC No
Existencias
Signatura topográfica Código de barras Última vez visto Ejemplar Costo de reposición Price effective from Tipo de ítem Perdido Sistema de clasificación Dañado No prestable Tipo de ítem específico Suprimido Ubicación habitual Ubicación actual Localización Fecha de creación Forma de adquisición Costo
720.986 R436 100168088 06/12/2025 Ej.1 26000.00 13/09/2021 Libro   DEWEY     Libro   Claustro Claustro 2do piso 13/09/2021 Donación 0.00